| 000 | 00433nam a2200181 4500 | ||
|---|---|---|---|
| 003 | SEACOMMC | ||
| 005 | 20231009072601.0 | ||
| 008 | 231009b |||||||| |||| 00| 0 eng d | ||
| 020 | _c475.00 | ||
| 040 | _aSEACOMMC | ||
| 082 |
_a333.7214 _bENV |
||
| 100 | _aKhopkar,S.M | ||
| 245 | _aEnvironmental Pollution Analysis | ||
| 260 |
_aNew Delhi _bNew Age _c2005 |
||
| 650 | _aEnvironment Science | ||
| 700 | _aS.M Khopkar | ||
| 942 | _cBOOK | ||
| 999 |
_c22 _d22 |
||